000 00272nam a2200121Ia 4500
005 20251222142010.0
008 251222s9999||||xx |||||||||||||| ||spa||
082 _a300.985/C93/7
100 _aVergara, Ricardo
245 0 _aEl Agro Hoy:
264 _bDESCO
942 _cLIB
999 _c10303
_d10303